书目信息 |
| 题名: |
穷鬼翻身
|
|
| 作者: | 何爱辉 , 吴锦珠 著 | |
| 分册: | ||
| 出版信息: | 北京 新华出版社 2009.03 |
|
| 页数: | 155页 | |
| 开本: | 25cm | |
| 丛书名: | ||
| 单 册: | ||
| 中图分类: | K825.38 | |
| 科图分类: | ||
| 主题词: | ||
| 电子资源: | ||
| ISBN: | 978-7-5011-8685-3 | |
| 000 | 01157nam0 2200253 450 | |
| 001 | 0011161041 | |
| 005 | 20100816085715.71 | |
| 010 | @a978-7-5011-8685-3@dCNY28.00 | |
| 100 | @a20100515d2009 em y0chiy0110 ea | |
| 101 | 0 | @achi |
| 102 | @aCN@b110000 | |
| 105 | @ay z 000yy | |
| 200 | 1 | @a穷鬼翻身@Aqiong gui fan shen@e千叶松涂料总裁何爱辉的成功传奇@f何爱辉,吴锦珠著@Fhe ai hui,wu jin zhu zhu |
| 210 | @a北京@c新华出版社@d2009.03 | |
| 215 | @a155页@d25cm | |
| 330 | @a《穷鬼翻身》史诗般地讲述了何爱辉与千叶松的成长故事,其成长的每个细节也着实透出何爱辉雀跃的魂灵、执著的精神。他有着艰辛的童年,压抑的少年……燕雀安知鸿鹄之志?为了梦想,何爱辉放弃稳定的事业单位工作,孤身一人到深圳打拼,从最底层业务员做起,风雨无阻;从创业的6000元到负债累累,起起落落;何爱辉一路坚强走来,终于梦想成真,现已具有上亿资产,干叶松也发展成了涂料王国的领先品牌。 | |
| 517 | 1 | @a千叶松涂料总裁何爱辉的成功传奇@Aqian ye song tu liao zong cai he ai hui de cheng gong chuan qi |
| 600 | 0 | @a何爱辉@x生平事迹 |
| 606 | @0 | |
| 690 | @aK825.38@v4 | |
| 701 | 0 | @a何爱辉@Ahe ai hui@4著 |
| 701 | 0 | @a吴锦珠@Awu jin zhu@4著 |
| 801 | 0 | @aCN@c20100515 |
| 905 | @dK825.38@eH160@f3 | |
| 穷鬼翻身:千叶松涂料总裁何爱辉的成功传奇/何爱辉,吴锦珠著.-北京:新华出版社,2009.03 |
| 155页;25cm |
| ISBN 978-7-5011-8685-3:CNY28.00 |
| 《穷鬼翻身》史诗般地讲述了何爱辉与千叶松的成长故事,其成长的每个细节也着实透出何爱辉雀跃的魂灵、执著的精神。他有着艰辛的童年,压抑的少年……燕雀安知鸿鹄之志?为了梦想,何爱辉放弃稳定的事业单位工作,孤身一人到深圳打拼,从最底层业务员做起,风雨无阻;从创业的6000元到负债累累,起起落落;何爱辉一路坚强走来,终于梦想成真,现已具有上亿资产,干叶松也发展成了涂料王国的领先品牌。 |
| ● |
| 相关链接 |
|
|
|
正题名:穷鬼翻身
索取号:K825.38/H160
 
预约/预借
| 序号 | 登录号 | 条形码 | 馆藏地/架位号 | 状态 | 备注 |
| 1 | 1030672 | 210306729 | 社科库309/309社科库 48排5列1层/ [索取号:K825.38/H160] | 在馆 | |
| 2 | 1030673 | 210306738 | 社科库309/309社科库 48排5列1层/ [索取号:K825.38/H160] | 在馆 | |
| 3 | 1030674 | 210306747 | 社科库309/309社科库 48排5列1层/ [索取号:K825.38/H160] | 在馆 |